Responses for show #8154 - Thursday, February 6, 2020

Contestants

[<< previous game]

Cherisa Burk, a retired I.T. specialist from Haledon, New Jersey

Patrick Rice, a business development strategist from San Francisco, California

Travis Gaylord, a management consultant from Wynnewood, Pennsylvania (whose 3-day cash winnings total $37,203)

[next game >>]

Jeopardy! Round responses

PUTTING A "B" IN YOUR BONNET
THE WEIGHT OF THE WORLDS
1980s POP LYRICS
THE NEW SCHOOL
(Alex: Colleges and universities founded in the 20th century.)
HYPHENATED ADJECTIVES
FIRST NAME
    $200 20
a beret

Cherisa
    $200 4
Mercury

Patrick
    $200 1
"Every Breath You Take"

Travis
    $200 11
(Patrick: What are men?)

women

TravisPatrick
    $200 30
part-time

Travis
    $200 16
Robert

Cherisa
    $400 21
baseball caps

Patrick
    $400 5
Pluto

Travis
    $400 2
"Material Girl"

Travis
    $400 12
Boise State

Travis
    $400 29
clean-shaven

Travis
    $400 17
John

Travis
    $600 22
a bowler

Patrick
    $600 8
Mars

Travis
    $600 3
"I Love Rock 'N Roll"

Patrick
    $2,000 13
ivory tower

Travis
    $600 25
(Cherisa: What is fireproof?)
...
(Alex: Less than a minute now.)

fire-resistant

TravisCherisa
    $600 18
Jane

Triple Stumper
    $800 23
Beefeaters

Patrick
    $800 9
Jupiter

Cherisa
    $800 6
(Cherisa: What is "Hungry Heart"?)

"Born In The U.S.A."

Cherisa
Triple Stumper
    $800 14
Marlon Brando

Patrick
    $800 28
ill-gotten

Patrick
    $800 15
Eugene

Travis
    $1000 24
a bicorne

Triple Stumper
    $1000 10
Uranus

Cherisa
    $1000 7
"Nasty"

Travis
    $1000 26
George Mason

Patrick
    $1000 27
accident-prone

Patrick
    $1000 19
Cosimo

Cherisa

Scores at the first commercial break (after clue 15):

Travis Patrick Cherisa
$6,000 $1,400 $1,000

Scores at the end of the Jeopardy! Round:

Travis Patrick Cherisa
$7,600 $6,000 $1,800

Double Jeopardy! Round responses

IT'S NOT YOU; IT'S ME
BEST DIRECTOR TWICE
& THEN THERE WERE NUNS
FOREIGN-LANGUAGE MOTTOES
SHAPELY BOOK TITLES
SURINAME
    $400 2
(Travis: What is UPS?)

FedEx

TravisPatrick
    $400 28
Ang Lee

Patrick
    $400 16
Mother Teresa

Patrick
    $400 1
time

Travis
    $400 24
the Oval Office

Cherisa
    $400 10
(Cherisa: What is French?)
(Patrick: What is France?)

Dutch

PatrickCherisa
Triple Stumper
    $800 3
the Dominican Republic

Travis
    $800 7
Alfonso CuarĂ³n

Patrick
    $800 19
(Patrick: What are gold and platinum?)
(Cherisa: What are gold and iron?)

gold & silver

TravisPatrickCherisa
    $800 25
(Alex: You are right, with less than a minute now.)

The Bermuda Triangle

Travis
    $800 11
coups

Travis
    $1200 4
Friends

Patrick
    $1200 15
(Cherisa: Who is John Huston?)

Elia Kazan

Cherisa
Triple Stumper
    $1200 17
Assisi

Travis
    $1200 20
work

Patrick
    $1200 26
(The) Circle

Cherisa
    $1200 12
sandpiper

Travis
    $1600 5
(Travis: What is the Whigs?)

the Democratic Party

Travis
Triple Stumper
    $1600 8
David Lean

Cherisa
    $1600 18
Sister Wendy

Triple Stumper
    $3,000 21
death

Patrick
    $1600 29
[The end of round signal sounds.]

the Child Star

Travis
    $1600 13
Liberation Army

Travis
    $2,500 6
Southern (South) Sudan

Patrick
    $2000 9
Billy Wilder

Triple Stumper
    $2000 23
Sister Helen Prejean

Patrick
    $2000 22
the church

Patrick
    $2000 27
Times Square

Patrick
    $2000 14
bauxite

Cherisa

Scores at the end of the Double Jeopardy! Round:

Travis Patrick Cherisa
$14,800 $20,700 $4,600

[wagering suggestions for these scores]

Final Jeopardy! Round responses

RANKS & TITLES
CherisaWhat is Poet Laureate?
$4,100
TravisWhat is Brigadier General?
$5,901
PatrickWhat is laureate?
$11,499
(Poet) Laureate

Final scores:

Travis Patrick Cherisa
$8,899 $32,199 $8,700
2nd place: $2,000 New champion: $32,199 3rd place: $1,000

Game dynamics:

Coryat scores:

Travis Patrick Cherisa
$13,400 $18,800 $4,600
22 R
(including 1 DD),
2 W
20 R
(including 2 DDs),
3 W
9 R,
5 W

Combined Coryat: $36,800

The J! Archive is created by fans, for fans. The Jeopardy! game show and all elements thereof, including but not limited to copyright and trademark thereto, are the property of Jeopardy Productions, Inc. and are protected under law. This website is not affiliated with, sponsored by, or operated by Jeopardy Productions, Inc. Join the discussion at JBoard.tv.